Managerial economics : (Record no. 4249)
[ view plain ]
| 000 -LEADER | |
|---|---|
| fixed length control field | 01102nac a22002531u 4500 |
| 010 ## - LIBRARY OF CONGRESS CONTROL NUMBER | |
| LC control number | 2001045283 |
| 020 ## - INTERNATIONAL STANDARD BOOK NUMBER | |
| International Standard Book Number | 0393976777 |
| 082 00 - DEWEY DECIMAL CLASSIFICATION NUMBER | |
| Classification number | 338.5024658 |
| Item number | M2871 |
| 090 ## - LOCALLY ASSIGNED LC-TYPE CALL NUMBER (OCLC); LOCAL CALL NUMBER (OCLC) | |
| -- | 4249 |
| -- | 4249 |
| 100 ## - MAIN ENTRY--PERSONAL NAME | |
| Personal name | Mansfield, Edwin. |
| 245 00 - TITLE STATEMENT | |
| Title | Managerial economics : |
| Remainder of title | theory, applications, and cases / |
| Statement of responsibility, etc | Edwin Mansfield ... [et al.]. |
| 250 ## - EDITION STATEMENT | |
| Edition statement | 5th ed. |
| 260 ## - PUBLICATION, DISTRIBUTION, ETC. (IMPRINT) | |
| Place of publication, distribution, etc | New York : |
| Name of publisher, distributor, etc | W.W. Norton, |
| Date of publication, distribution, etc | c2002. |
| 300 ## - PHYSICAL DESCRIPTION | |
| Extent | 1 v. (various pagings) : |
| Other physical details | col. ill. ; |
| Dimensions | 25 cm. |
| 500 ## - GENERAL NOTE | |
| General note | After original author's death, a group of editors published the 5th ed. |
| 500 ## - GENERAL NOTE | |
| General note | Accompanied by: Study guide and casebook for Managerial economics, fifth edition / by Edwin Mansfield, Thomas D. Donley. v, 314 p. : ill. ; 26 cm. |
| 504 ## - BIBLIOGRAPHY, ETC. NOTE | |
| Bibliography, etc | Includes bibliographical references and index. |
| 650 #0 - SUBJECT ADDED ENTRY--TOPICAL TERM | |
| Topical term or geographic name as entry element | Managerial economics. |
| 700 1# - ADDED ENTRY--PERSONAL NAME | |
| Personal name | Allen, w.Bruce. |
| 700 1# - ADDED ENTRY--PERSONAL NAME | |
| Personal name | Doherty, Neil A. |
| 700 1# - ADDED ENTRY--PERSONAL NAME | |
| Personal name | Weigelt, Keith. |
| 942 ## - ADDED ENTRY ELEMENTS (KOHA) | |
| Item type | Book - Borrowing |
| Call number prefix | 338.5024658M2871 |
| Withdrawn status | Item status | Damaged status | Not for loan | Home library | Current library | Shelving location | Date acquired | Source of acquisition | Total Checkouts | Total Renewals | Full call number | Barcode | Date last seen | Date last borrowed | Koha item type |
|---|---|---|---|---|---|---|---|---|---|---|---|---|---|---|---|
| Central Library | Central Library | First floor | 02/09/2007 | Purchase | 2 | 1 | 338.5024658 MAN | 000005202 | 15/07/2025 | 24/11/2015 | Book - Borrowing |